Entscheidungsorientierte Kostenrechnungssysteme <Eine> entwicklungsgeschichtliche Analyse
Guardado en:
| Autor principal: | |
|---|---|
| Formato: | Libro |
| Lenguaje: | alemán |
| Publicado: |
Wiesbaden
Deutscher Universitäts Verlag
1995
|
| Colección: | Gabler Edition Wissenschaft
|
| Materias: | |
| Etiquetas: |
Sin Etiquetas, Sea el primero en etiquetar este registro!
|
MARC
| LEADER | 00000nam a2200000 4500 | ||
|---|---|---|---|
| 001 | c017705 | ||
| 005 | 20230117080222.2 | ||
| 020 | |a 3-8244-6194-3 | ||
| 041 | 0 | |a ger | |
| 044 | |a DE | ||
| 245 | 1 | 0 | |a Entscheidungsorientierte Kostenrechnungssysteme |b <Eine> entwicklungsgeschichtliche Analyse |c Christian Bungenstock |
| 264 | 1 | |a Wiesbaden |b Deutscher Universitäts Verlag |c 1995 | |
| 300 | |a 470 s. | ||
| 490 | 1 | |a Gabler Edition Wissenschaft | |
| 830 | 0 | |a Gabler Edition Wissenschaft | |
| 610 | 2 | 0 | |a rozhodovanie |
| 610 | 2 | 0 | |a účtovníctvo |
| 610 | 2 | 0 | |a náklady |
| 610 | 2 | 0 | |a analýzy |
| 610 | 2 | 0 | |a teória rozhodovania |
| 610 | 2 | 0 | |a teórie ekonomické |
| 610 | 2 | 0 | |a produkcia |
| 610 | 2 | 0 | |a plán |
| 610 | 2 | 0 | |a logistika |
| 610 | 2 | 0 | |a kvalita |
| 610 | 2 | 0 | |a služby |
| 610 | 2 | 0 | |a teória a prax |
| 610 | 2 | 0 | |a plán podnikový |
| 610 | 2 | 0 | |a evidencia účtovná |
| 610 | 2 | 0 | |a systémy účtovné |
| 100 | 1 | |a Bungenstock, Christian | |